20 Biggest Cities in the U.S. in 1950 (with a map) - Statistics

General Stats
  • This quiz has been taken 429 times
  • The average score is 19 of 20
Answers on the Map
Answers color-coded by a green-red scale on the quiz's map according to % correct below.
 
Answer Stats
Population Answer % Correct
801,444 Boston
99%
3,620,962 Chicago
99%
1,970,358 Los Angeles
99%
7,891,957 New York
99%
775,357 San Francisco
99%
596,163 Houston
98%
2,071,605 Philadelphia
98%
802,178 Washington D.C.
98%
1,849,568 Detroit
97%
521,718 Minneapolis
94%
570,445 New Orleans
94%
914,808 Cleveland
90%
949,708 Baltimore
89%
580,132 Buffalo
89%
456,622 Kansas City
89%
637,392 Milwaukee
89%
467,591 Seattle
89%
503,998 Cincinnati
88%
676,806 Pittsburgh
88%
856,796 St. Louis
88%
No matching quizzes found
Score Distribution
Percent of People with Each Score
Percentile by Number Answered
Your Score History
You have not taken this quiz